Handbook of computer maintenance and troubleshooting /
Guardado en:
| Autor Principal: | |
|---|---|
| Formato: | Libro |
| Idioma: | English |
| Publicado: |
Reston, Va. :
Reston Pub. Co.,
c1973.
|
| Etiquetas: |
Agregar Etiqueta
Sin Etiquetas, Sea el primero en etiquetar este registro!
|
| LEADER | 00565cam a22001695 4500 | ||
|---|---|---|---|
| 001 | MAT.inmabb002139 | ||
| 008 | 730530s1973####vaua##########001#0#eng#d | ||
| 005 | 20170517152520.0 | ||
| 245 | 1 | 0 | |a Handbook of computer maintenance and troubleshooting / |c Byron W. Maguire. |
| 260 | |a Reston, Va. : |b Reston Pub. Co., |c c1973. | ||
| 300 | |a xiii, 366 p. : |b il. ; |c 24 cm. | ||
| 020 | |a 0879093242 | ||
| 100 | 1 | |a Maguire, Byron W., |d 1931- | |
| 246 | 3 | 0 | |a Computer maintenance and troubleshooting |
| 084 | |a 68-xx |2 msc2000 | ||
| 010 | |a 73008932 | ||
| 859 | |h 68 |i M213 |p A-3787 |b BIB. MATEMATICA | ||
